Detalles MARC
| 000 -CABECERA |
| campo de control de longitud fija |
01020nam a2200241 a 4500 |
| 001 - NÚMERO DE CONTROL |
| campo de control |
000001947 |
| 005 - FECHA Y HORA DE LA ÚLTIMA TRANSACCIÓN |
| campo de control |
20200929145753.0 |
| 008 - DATOS DE LONGITUD FIJA--INFORMACIÓN GENERAL |
| campo de control de longitud fija |
090630s2004 sp a 001 0 spa d |
| 020 ## - NÚMERO INTERNACIONAL ESTÁNDAR DEL LIBRO |
| Número Internacional Estándar del Libro |
8489327181 |
| 040 ## - FUENTE DE LA CATALOGACIÓN |
| Centro catalogador/agencia de origen |
DO-SdBNP |
| Lengua de catalogación |
spa |
| Centro/agencia transcriptor |
BNPHU |
| 082 ## - NÚMERO DE LA CLASIFICACIÓN DECIMAL DEWEY |
| Número de clasificación |
R 615.1 |
| Número de documento/Ítem |
V123i, 2004 |
| 245 00 - MENCIÓN DE TÍTULO |
| Título |
Vademecum internacional : |
| Resto del título |
especialidades farmacéuticas y biológicas, productos y artículos de parafarmacia y métodos de diagnóstico / |
| Mención de responsabilidad, etc. |
director general Javier Sanz. |
| 250 ## - MENCIÓN DE EDICIÓN |
| Mención de edición |
45ª ed. |
| 260 ## - PUBLICACIÓN, DISTRIBUCIÓN, ETC. |
| Lugar de publicación, distribución, etc. |
Madrid : |
| Nombre del editor, distribuidor, etc. |
MEDICOM, |
| Fecha de publicación, distribución, etc. |
2004. |
| 300 ## - DESCRIPCIÓN FÍSICA |
| Extensión |
2135 p. : |
| Otras características físicas |
il. ; |
| Dimensiones |
30 cm. |
| 505 0# - NOTA DE CONTENIDO CON FORMATO |
| Información miscelánea |
Directorio de delegados y representantes -- |
| Título |
Identificación de productos -- |
| -- |
Especialidades farmacéuticas -- |
| -- |
Índice farmacológico -- |
| -- |
Índice de principios activos -- |
| -- |
Índice terapéutico -- |
| -- |
Índice de especialidades. |
| 650 #4 - PUNTO DE ACCESO ADICIONAL DE MATERIA--TÉRMINO DE MATERIA |
| Término de materia o nombre geográfico como elemento de entrada |
Medicamentos |
| 9 (RLIN) |
6323 |
| 650 #4 - PUNTO DE ACCESO ADICIONAL DE MATERIA--TÉRMINO DE MATERIA |
| Término de materia o nombre geográfico como elemento de entrada |
Farmacia |
| 9 (RLIN) |
6324 |
| 650 #4 - PUNTO DE ACCESO ADICIONAL DE MATERIA--TÉRMINO DE MATERIA |
| Término de materia o nombre geográfico como elemento de entrada |
Farmacopea |
| 9 (RLIN) |
6325 |
| 650 #4 - PUNTO DE ACCESO ADICIONAL DE MATERIA--TÉRMINO DE MATERIA |
| Término de materia o nombre geográfico como elemento de entrada |
Farmacología |
| 9 (RLIN) |
6326 |
| 700 1# - PUNTO DE ACCESO ADICIONAL--NOMBRE DE PERSONA |
| Nombre de persona |
Sanz, Javier, |
| Término indicativo de función/relación |
dir. |
| 9 (RLIN) |
6327 |
| 910 ## - DATOS DE OPCIÓN DEL USUARIO (OCLC) |
| Datos de opción del usuario |
Validado. Control de calidad EMS |